Terminologia entomologica : ein Handbuch sowohl für den angehenden Entomologen als auch für den Fachmann /

Hlavní autor: Müller, Julius
Jazyk: Němčina
Vydáno: Brünn : C. Winiker, 1872
Vydání: 2. Aufl.
Témata:
Externí odkaz: Digitalizovaný dokument
Fyzický popis: 6, 306 s., 987 obr. na příl.
Knihy
Uloženo v:
LEADER 00914nam a22002411a 4500
001 000721445
003 CZ BrMZK
005 20160613122047.0
007 ta
008 040614s1872 xr af e ger
015 |a cnb001961511 
040 |a BOA001  |b cze  |c BOA001 
100 1 |a Müller, Julius  |4 aut 
245 1 0 |a Terminologia entomologica :  |b ein Handbuch sowohl für den angehenden Entomologen als auch für den Fachmann /  |c nach dem neuesten Standpunkte dieser Wissenschaft bearb. von Julius Müller 
250 |a 2. Aufl. 
260 |a Brünn :  |b C. Winiker,  |c 1872 
300 |a 6, 306 s., 987 obr. na příl. 
500 |a Dostupné též v digitalizované podobě v aplikaci Kramerius 
856 4 1 |u http://www.digitalniknihovna.cz/mzk/uuid/uuid:954c897a-23f7-439e-bbfc-56d5973d8b93  |y Digitalizovaný dokument 
910 |a BOA001  |b 1-0231.728  |k r 
964 |a Moravika - stol. 19. 
990 |a BK 
991 |p NDK 2012/382